Thinkertoys: a handbook of creative thinking techniques

Na minha lista:
Detalhes bibliográficos
Autor principal: Michalko, Michael (autor)
Formato: Livro
Idioma:inglês
Publicado em: Berkeley Ten Speed Press 2006
Edição:2a. ed
Assuntos:
Tags: Adicionar Tag
Sem tags, seja o primeiro a adicionar uma tag!

MARC

LEADER 00000nam a2200000 a 4500
001 UCI9924
003 CL-VaPUC
008 081218e20060000US |||||||||||||||||eng|d
020 |a 9781580087735 
082 0 4 |a 658.312404  |b MIC  |2 21 
100 |a Michalko, Michael  |e autor  |9 533984 
245 1 0 |a Thinkertoys: a handbook of creative thinking techniques 
250 |a 2a. ed 
300 |a 394 p 
942 |c BK 
945 |d 20081218 00:00:00  |a rbrito 
260 |a Berkeley  |b Ten Speed Press  |c 2006 
650 0 |a Creatividad   |9 310816 
650 7 |a CAPACITACION LABORAL  |2 CL-VaPUC  |9 411356 
650 0 |a Inteligencia  |9 267038 
650 0 |a Recursos humanos   |9 228420 
650 0 |a Dinámica de grupos   |9 259862 
583 |a last modification  |c 20081218 00:00:00  |k Rodrigo Vera 
999 |c 332370  |d 332368 
952 |0 0  |1 0  |4 0  |6 658_312404000000000_MIC_2006  |7 0  |8 A  |9 420004  |a BIBING  |b BIBING  |d 2019-11-22  |i 4507673  |o 658.312404 MIC 2006  |p 4507673  |r 2025-01-20  |w 2019-11-22  |y BK  |k EII